HANDBOOK OF PRECISION ENGINEERING VOL-8 SURFACE TREATMENT (Record no. 584033)

000 -LEADER
fixed length control field 00314nam a22001217a 4500
020 ## - INTERNATIONAL STANDARD BOOK NUMBER
International Standard Book Number 07-015477-5
082 ## - DEWEY DECIMAL CLASSIFICATION NUMBER
Classification number 620.0045 HAN'D
100 ## - MAIN ENTRY--PERSONAL NAME
Personal name DAVIDSON, A
9 (RLIN) 78962
245 ## - TITLE STATEMENT
Title HANDBOOK OF PRECISION ENGINEERING VOL-8 SURFACE TREATMENT
260 ## - PUBLICATION, DISTRIBUTION, ETC.
Place of publication, distribution, etc. NEWYORK
Name of publisher, distributor, etc. MCGRAW HILL
Date of publication, distribution, etc. 1972
300 ## - PHYSICAL DESCRIPTION
Extent VIII, 271P
942 ## - ADDED ENTRY ELEMENTS (KOHA)
Koha item type Book
Holdings
Withdrawn status Lost status Damaged status Not for loan Permanent Location Current Location Shelving location Date acquired Total Checkouts Full call number Barcode Date last seen Price effective from Koha item type
        College of Electrical & Mechanical Engineering (CEME) College of Electrical & Mechanical Engineering (CEME) Reference 06/21/2017   620.0045 HAN'D CEME-7244 06/28/2021 06/28/2021 Book
© 2023 Central Library, National University of Sciences and Technology. All Rights Reserved.